00462nam a2200133Ia 4500008004100000100001800041245012700059245005400186260002500240260000900265300002300274650001600297650001500313170224s9999 xx 000 0 und d aPaul De Lange aContinuing Professional Development in the Accounting Profession: Practices and Perceptions from the Asia Pacific Region  cPaul De Lange, Beverley Jackling & Themin Suwardy bAccounting Education c2015 a24:1, Pages: 41-56 xAccountancy xAccounting